| 000 | 00587nam a22001577a 4500 | ||
|---|---|---|---|
| 008 | 240509b |||||||| |||| 00| 0 eng d | ||
| 020 | _a0379009692. | ||
| 050 | _aHF1413.G714 1981 | ||
| 100 |
_aSauvant P. Karl. _952737 |
||
| 245 |
_aThe third world without superpowers; _bthe collected documents of the group of 77,vol-iv _cKarl P. Sauvant |
||
| 260 |
_aNew York: _bOceana Publications inc. _c1981. |
||
| 300 |
_aix; _b576p, _c26cm. |
||
| 650 |
_ahistory _vcommerce, _xsources, _zUnderdeveloped areas. _952740 |
||
| 650 |
_aGroup of 77; _vhistory, _xsources. _952742 |
||
| 942 |
_2lcc _cMONOGRAPH |
||
| 999 |
_c131897 _d131897 |
||